[Event "Budha Bhandari Memorial"]
[Site "Budhanilkantha"]
[Date "2019.11.14"]
[Round "9"]
[White "Timalsina, Binod"]
[Black "Khadka, Mahesh"]
[Result "1/2-1/2"]
[WhiteElo "1278"]
[BlackElo "1546"]
[PlyCount "42"]
[EventDate "2019.11.09"]
[EventType "swiss"]
[EventRounds "9"]
[EventCountry "NEP"]
[SourceTitle "CBM 193 Extra"]
[Source "ChessBase"]
[SourceDate "2020.01.31"]
[SourceVersion "1"]
[SourceVersionDate "2020.01.31"]
[SourceQuality "1"]

1. e4 e5 2. Nf3 Nc6 3. Bc4 Bc5 4. Nc3 Nf6 5. d3 0-0 6. Bg5 h6 7. Bh4 d6 8. Nd5 Be6 9. Nxf6+ gxf6 10. Bxe6 fxe6 11. c3 Qe8 12. 0-0 Qg6 13. Re1 f5 14. exf5 Rxf5 15. Bg3 Rf7 16. d4 exd4 17. cxd4 Bb6 18. Rc1 Nb4 19. Nh4 Qf6 20. Qg4+ Rg7 21. Qe4 Re8 1/2-1/2